书目信息 |
| 题名: |
记得要忘记
|
|
| 作者: | 楚燕狂子 著 | |
| 分册: | ||
| 出版信息: | 珠海 珠海出版社 2008.10 |
|
| 页数: | 172页 | |
| 开本: | 22cm | |
| 丛书名: | 火花书系 | |
| 单 册: | ||
| 中图分类: | I247.5 | |
| 科图分类: | ||
| 主题词: | 长篇小说--中国--当代 | |
| 电子资源: | ||
| ISBN: | 7-5453-0042-4 | |
| 000 | 00633nam 2200229 45 | |
| 001 | CALB0120111066319m | |
| 005 | 20111228165133.98 | |
| 010 | @a7-5453-0042-4@dCNY15.80 | |
| 100 | @a20100915d2008 ekmy0chiy1050 ea | |
| 101 | 0 | @achi |
| 102 | @aCN@b440000 | |
| 105 | @ay z 000ay | |
| 200 | 1 | @a记得要忘记@f楚燕狂子著@AJi De Yao Wang Ji |
| 210 | @a珠海@c珠海出版社@d2008.10 | |
| 215 | @a172页@d22cm | |
| 225 | 2 | @a火花书系@h第2辑 |
| 410 | 0 | @1200 @a火花书系 |
| 606 | 0 | @a长篇小说@y中国@z当代 |
| 690 | @aI247.5@v4 | |
| 701 | 0 | @a楚燕狂子@4著@AChu Yan Kuang Zi |
| 801 | 0 | @aCN@bCCUGH@c20111228 |
| 905 | @aZUCC@dI247.5@eC898@f3 | |
| 记得要忘记/楚燕狂子著.-珠海:珠海出版社,2008.10 |
| 172页;22cm.-(火花书系.第2辑) |
| ISBN 7-5453-0042-4:CNY15.80 |
| ● |
| 相关链接 |
|
|
|
正题名:记得要忘记
索取号:I247.5/C898
 
预约/预借
| 序号 | 登录号 | 条形码 | 馆藏地/架位号 | 状态 | 备注 |
| 1 | 1185272 | 211852725 | 文学库108/108文学库 27排2列2层/ [索取号:I247.5/C898] | 在馆 | |
| 2 | 1185273 | 211852734 | 文学库108/108文学库 27排2列2层/ [索取号:I247.5/C898] | 在馆 | |
| 3 | 1185274 | 211852743 | 文学库108/108文学库 27排2列2层/ [索取号:I247.5/C898] | 在馆 |